<?xml version="1.0" encoding="UTF-8"?>
<record
    xmlns:xsi="http://www.w3.org/2001/XMLSchema-instance"
    xsi:schemaLocation="http://www.loc.gov/MARC21/slim http://www.loc.gov/standards/marcxml/schema/MARC21slim.xsd"
    xmlns="http://www.loc.gov/MARC21/slim">

  <leader>00856nam a22001697a 4500</leader>
  <controlfield tag="003">NUST</controlfield>
  <controlfield tag="005">20241030112921.0</controlfield>
  <controlfield tag="008">241030b           ||||| |||| 00| 0 eng d</controlfield>
  <datafield tag="082" ind1=" " ind2=" ">
    <subfield code="a">511,ROS</subfield>
  </datafield>
  <datafield tag="100" ind1=" " ind2=" ">
    <subfield code="a">Rosen, Kenneth H. </subfield>
    <subfield code="9">17956</subfield>
  </datafield>
  <datafield tag="245" ind1=" " ind2=" ">
    <subfield code="a">Discrete mathematics and its applications / </subfield>
    <subfield code="c">Kenneth H. Rosen.</subfield>
  </datafield>
  <datafield tag="260" ind1=" " ind2=" ">
    <subfield code="a">Boston : </subfield>
    <subfield code="b">McGraw-Hill, </subfield>
    <subfield code="c">c2004</subfield>
  </datafield>
  <datafield tag="505" ind1=" " ind2=" ">
    <subfield code="a">The Foundations;Logic and Proof Sets and Functions (Page-1), The Fundamentals : Algorithms the Integers, and Matrices (Page-119), Mathematical Reasoning Induction and Recursion (Page-213), Counting (Page-301), Discrete Probability (Page-355), Advanced Counting Techniques (Page-401), Relations (Page-471), Graphs (Page-537), Trees (Page-631), Boolean Algebra ((Page-739).</subfield>
  </datafield>
  <datafield tag="650" ind1=" " ind2=" ">
    <subfield code="a">Computer science -- Mathematics  </subfield>
    <subfield code="9">126608</subfield>
  </datafield>
  <datafield tag="651" ind1=" " ind2=" ">
    <subfield code="a">Mathematics</subfield>
    <subfield code="9">102247</subfield>
  </datafield>
  <datafield tag="942" ind1=" " ind2=" ">
    <subfield code="2">ddc</subfield>
    <subfield code="c">BK</subfield>
  </datafield>
  <datafield tag="999" ind1=" " ind2=" ">
    <subfield code="c">612211</subfield>
    <subfield code="d">612211</subfield>
  </datafield>
  <datafield tag="952" ind1=" " ind2=" ">
    <subfield code="0">0</subfield>
    <subfield code="1">0</subfield>
    <subfield code="2">ddc</subfield>
    <subfield code="4">0</subfield>
    <subfield code="7">0</subfield>
    <subfield code="a">MCS</subfield>
    <subfield code="b">MCS</subfield>
    <subfield code="c">GEN</subfield>
    <subfield code="d">2024-10-30</subfield>
    <subfield code="l">0</subfield>
    <subfield code="o">511,ROS</subfield>
    <subfield code="p">MCS37512</subfield>
    <subfield code="r">2024-10-30</subfield>
    <subfield code="w">2024-10-30</subfield>
    <subfield code="y">BK</subfield>
    <subfield code="z">Almirah No.10, Shelf No.4</subfield>
  </datafield>
</record>
